000 00746nam a22002417a 4500
003 UA-OsUOA
001 39439
007 ta
008 20060619b un ||||| |||| 00| 0 ukr d
100 _aСтрахов М. М.
090 _a340.12(091)(07.08)
_bС83
942 _cBK
040 _aUA-OsUOA
_bukr
_cUA-OsUOA
_dUA-OsUOA
245 _aІсторія держави і права зарубіжних країн
300 _a416 с.
955 _a2
041 _aukr
080 _a340.12(091)(07.08)
020 _a966-7146-25-1
260 _aХарків
_bПраво
_c2001
650 7 _a340 Право в цілому. Пропедевтика. Методи та допоміжні правничі науки
_2UDC
999 _c325581
_d325581